Statistiques concernant Echelle de mots : du coq à l'âne

Cliquez ici pour prendre le quiz!

Statistiques générales

  • Ce quiz a été pris 2 489 fois
  • Le résultat moyen est 18 sur 30

Statistiques - réponses

HintRéponse% Correct
Réveil de la basse courCoq
100%
Porte la têteCou
96%
Un des quatre élémentsFeu
96%
N'a plus toute sa têteFou
95%
Étendue bleueMer
95%
Bourriquet en est un (enlever une lettre)Âne
92%
Il faut le battre quand il est chaudFer
92%
Toilette pour enfantPot
91%
Gaz intestinalPet
90%
Ami familier (ajouter une lettre)Pote
90%
AlimentMet
81%
Vient après bisTer
81%
Fin de prièreAmen
59%
Nouilles japonaises au bouillonRamen
59%
Couper à rasRaser
54%
Avancer difficilementRamer
52%
Coup au tennisAce
50%
Alliance de l'Allemagne, l'Italie et le JaponAxe
47%
OrganeRate
47%
Gardien divin (ajouter une lettre)Ange
44%
Manquer (ajouter une lettre)Rater
44%
De pierreAge
39%
Il est accueillantHôte
37%
Fait grimacerAmer
36%
Être impatient
Hâte
34%
Mange le lingeMite
33%
Cérémonie traditionnelle ou religieuseRite
28%
Bat le roiMate
27%
Entreprise informatiqueAcer
21%
ApogéeAcem
3%

Distribution des résultats

Percentile par nombre de réponses

% des personnes avec chaque résultat

Votre développement - résultats

Vous n’avez pas pris ce quiz